[Event "FRA-ch op-A"]
[Site "Pau"]
[Date "2008.08.15"]
[Round "4"]
[White "Lachique, Francois"]
[Black "Rodon, Gurvan"]
[Result "0-1"]
[WhiteElo "2104"]
[BlackElo "1989"]
[PlyCount "54"]
[EventDate "2008.08.11"]
[EventType "swiss"]
[EventRounds "9"]
[EventCountry "FRA"]
[SourceTitle "CBM 126 Extra"]
[Source "ChessBase"]
[SourceDate "2008.11.05"]
[SourceVersion "1"]
[SourceVersionDate "2008.11.05"]
[SourceQuality "1"]

1. d4 Nf6 2. c4 e6 3. Nf3 b6 4. g3 Bb7 5. Bg2 Be7 6. 0-0 0-0 7. Re1 Ne4 8. Nfd2 d5 9. cxd5 exd5 10. Nxe4 dxe4 11. Nc3 f5 12. Bf4 Bd6 13. Bxd6 Qxd6 14. Rc1 Na6 15. Qb3+ Kh8 16. Red1 Rad8 17. Nb5 Qf6 18. Nxc7 Nxc7 19. Rxc7 Bd5 20. Qa3 f4 21. gxf4 Qxf4 22. Qg3 Qh6 23. Qe5 Qg6 24. Rdc1 Rf5 25. Rc8 Rxe5 26. dxe5 Rg8 27. Rxg8+ Kxg8 0-1

[Event "FRA-chT2"]
[Site "France"]
[Date "2002.02.03"]
[Round "7.4"]
[White "Lachique, Francois"]
[Black "Coudray, Frederic"]
[Result "0-1"]
[WhiteElo "2137"]
[BlackElo "2018"]
[PlyCount "138"]
[EventDate "2002.??.??"]
[EventType "team"]
[EventRounds "11"]
[EventCountry "FRA"]
[SourceTitle "EXT 2003"]
[Source "ChessBase"]
[SourceDate "2002.11.25"]
[SourceVersion "1"]
[SourceVersionDate "2002.11.25"]
[SourceQuality "1"]

1. d4 Nf6 2. c4 g6 3. Nc3 Bg7 4. Nf3 0-0 5. g3 d6 6. Bg2 c5 7. 0-0 Na6 8. h3 Rb8 9. Be3 Qa5 10. Qd2 cxd4 11. Bxd4 Nc7 12. Bxf6 Bxf6 13. Nd5 Qxd2 14. Nxf6+ exf6 15. Nxd2 Re8 16. e3 Be6 17. Ne4 Red8 18. Nxf6+ Kg7 19. Nd5 Na6 20. Rfd1 b5 21. cxb5 Rxb5 22. Bf1 Rxd5 23. Rxd5 Bxd5 24. Bxa6 Bf3 25. Rc1 d5 26. Rc3 Rd6 27. Bc8 Rb6 28. b3 Be4 29. Kf1 Bb1 30. a3 Ba2 31. b4 Bc4+ 32. Ke1 f5 33. Bd7 Kf6 34. Ba4 a5 35. bxa5 Ra6 36. Bb3 Rxa5 37. Bxc4 dxc4 38. h4 Ra4 39. Ke2 Ke5 40. Rc2 Kd5 41. Ra2 h6 42. Kd2 Ke4 43. Kc3 g5 44. hxg5 hxg5 45. Rd2 Kf3 46. Rd5 Kxf2 47. Rxf5+ Kxe3 48. Kb2 g4 49. Rb5 Kf3 50. Rb4 c3+ 51. Kb3 c2 52. Kxc2 Rxa3 53. Kd1 Re3 54. Kd2 Ra3 55. Ke1 Ra1+ 56. Kd2 Rg1 57. Rb8 Rxg3 58. Rf8+ Kg2 59. Ke2 Rf3 60. Rg8 g3 61. Rg7 Rf5 62. Re7 Kg1 63. Re8 Rf2+ 64. Ke3 g2 65. Ra8 Rb2 66. Ra7 Rb3+ 67. Kf4 Kh2 68. Ra2 Kh1 69. Ra8 g1Q 0-1

[Event "Rosny sous Bois FM 01st"]
[Site "Rosny sous Bois"]
[Date "2002.??.??"]
[Round "4"]
[White "Blondel, Denis"]
[Black "Lachique, Francois"]
[Result "0-1"]
[WhiteElo "1980"]
[BlackElo "2106"]
[PlyCount "98"]
[EventDate "2002.11.26"]
[EventType "tourn"]
[EventRounds "9"]
[EventCountry "FRA"]
[SourceTitle "CBM 091 Extra"]
[Source "ChessBase"]
[SourceDate "2003.01.09"]
[SourceVersion "1"]
[SourceVersionDate "2003.01.09"]
[SourceQuality "1"]

1. d4 d5 2. c4 c6 3. Nf3 Nf6 4. cxd5 cxd5 5. Nc3 Nc6 6. Bf4 a6 7. e3 Bg4 8. Be2 e6 9. 0-0 Bd6 10. Ne5 Bxe2 11. Qxe2 Bxe5 12. Bxe5 0-0 13. Bxf6 Qxf6 14. f4 Rac8 15. g4 Na5 16. Rf3 Nc4 17. Raf1 Rfd8 18. Rh3 b5 19. Rff3 b4 20. Na4 Nd6 21. Nc5 a5 22. Rh5 Qg6 23. Rfh3 Qb1+ 24. Qf1 Qxf1+ 25. Kxf1 h6 26. Ke2 Ne4 27. Nxe4 dxe4 28. Rxa5 Rc2+ 29. Kd1 Rxb2 30. Rhh5 Kf8 31. Rhb5 Rc8 32. Rb7 Kg8 33. Rc5 Ra8 34. Rc2 Raxa2 35. Rxb2 Rxb2 36. Kc1 Rxh2 37. Rxb4 Rg2 38. g5 hxg5 39. fxg5 Rxg5 40. Kd2 Rf5 41. Ke2 g5 42. Rb1 Kg7 43. Rg1 Kg6 44. Rg4 Kh5 45. Rxe4 g4 46. Rf4 Rxf4 47. exf4 Kg6 48. Kf2 Kf5 49. Kg3 f6 0-1

[Event "Rosny sous Bois FM 01st"]
[Site "Rosny sous Bois"]
[Date "2002.??.??"]
[Round "5"]
[White "Lachique, Francois"]
[Black "Cossin, Sebastien"]
[Result "0-1"]
[WhiteElo "2106"]
[BlackElo "2230"]
[PlyCount "102"]
[EventDate "2002.11.26"]
[EventType "tourn"]
[EventRounds "9"]
[EventCountry "FRA"]
[SourceTitle "CBM 091 Extra"]
[Source "ChessBase"]
[SourceDate "2003.01.09"]
[SourceVersion "1"]
[SourceVersionDate "2003.01.09"]
[SourceQuality "1"]

1. Nf3 Nf6 2. c4 e6 3. Nc3 c5 4. g3 b6 5. Bg2 Bb7 6. 0-0 Be7 7. d4 cxd4 8. Qxd4 d6 9. b3 0-0 10. Rd1 Nbd7 11. e4 a6 12. Ba3 Nc5 13. e5 dxe5 14. Nxe5 Qc7 15. b4 Bxg2 16. Kxg2 Rfd8 17. Qf4 Nb7 18. Qe3 Bd6 19. Nd3 Qxc4 20. Rac1 Nd5 21. Nxd5 Qxd5+ 22. Kg1 Qb5 23. Bb2 h6 24. a4 Qxa4 25. Qf3 Rd7 26. Ne5 Bxe5 27. Bxe5 Rad8 28. Rxd7 Qxd7 29. Qg4 f5 30. Qg6 Nd6 31. Rd1 Qf7 32. Qxf7+ Nxf7 33. Rxd8+ Nxd8 34. Bc7 Nc6 35. Bxb6 Nxb4 36. Kf1 e5 37. Ke2 Kf7 38. Kf3 h5 39. Ke2 Ke6 40. Kd2 g6 41. Bc5 Nc6 42. Kd3 Kd5 43. Be3 Nd4 44. h4 f4 45. gxf4 e4+ 46. Kc3 Nf5 47. Bb6 Nxh4 48. Kd2 Nf3+ 49. Ke3 h4 50. Bc7 h3 51. f5 gxf5 0-1